Words Ending With -BER - Statistics

General Stats
  • This quiz has been taken 73 times
  • The average score is 12 of 18
Answer Stats
Hint Answer % Correct
A person who cuts hair as a job Barber
100%
A person who repairs and installs plumbing Plumber
95%
The movie Dumb and ... Dumber
90%
Popular ride sharing app Uber
87%
A long, green fruit with watery flesh, usually eaten raw in salads or pickled Cucumber
85%
Trees made into rough planks Lumber
69%
A person belonging to a particular group Member
66%
The tough elastic polymeric substance made from the latex of a tropical plant Rubber
64%
A person who makes You Tube videos for a living Youtuber
64%
Coarse, indigestible plant matter Fiber
62%
A piece of burning or glowing coal or wood in a dying fire Ember
61%
A hard, translucent, brownish-yellow fossil resin Amber
56%
Flexible Limber
56%
An arithmetical value, expressed by a word, symbol, or figure Number
56%
Word used by children to say someone is a liar Fibber
52%
Follower on YouTube Subscriber
51%
To cut off the limbs of a person or animal Dismember
39%
Relating to the culture of computers,technology, and virtual reality Cyber
23%
No matching quizzes found
Score Distribution
Percent of People with Each Score
Percentile by Number Answered
Your Score History
You have not taken this quiz